000 00676nam a22002177a 4500
001 8131
003 FISKH
005 20250827141547.0
008 250827b cb ||||| |||| 00| 0 eng d
020 _a9781607102489
040 _aFISKH
_beng
_cFISKH
_dFISKH
082 _a 567.9
100 _aGreen, Jen
245 _aDinosaurs:
_bThe animated 3-D guide /
260 _aSan Diego :
_bSilver Dilphin Books,
_c2011.
300 _a22 pages :
_bcolor illustrations ;
_c31 cm
520 _aPresents information about the characteristics and behavior of all types of dinosaurs.
650 _aAnatomy
_vAnimals
_xDinosaurs
_yExtinction
942 _2ddc
_cBK
_n0
999 _c8131
_d8131